| 000 | 00567nam a2200193Ia 4500 | ||
|---|---|---|---|
| 005 | 20250317125303.0 | ||
| 008 | 008 250317s9999 xx 000 0 eng d | ||
| 020 | _a0-87692-803-3 | ||
| 037 | _aTextbook | ||
| 040 |
_aFMSL _beng _cFMSL |
||
| 041 |
_aeng _2eng |
||
| 084 |
_aX:8D N2;1 _qFMSL |
||
| 100 |
_aVanhorn J C _9743839 |
||
| 245 | 0 | _aFundamentals of ficial management | |
| 260 |
_aNew Delhi _bNew Delhi, Prentice Hall of India _c1993 |
||
| 300 | _a832p | ||
| 942 |
_cTB _hX:8D N2;1 |
||
| 999 |
_c1258805 _d1258805 |
||